000 00434nam a2200145Ia 4500
003 GCL
008 140319s9999 xx 000 0 ara d
040 _aGCL /
_cGCL
082 0 4 _a272.49
_bاق
100 1 _aناجى فرنسيس
245 1 0 _aالقديس بطرس /
_cناجى فرنسيس
260 _a[S.N] :
_bدار الثقافة العربية ،
_c1991
300 _a83 ص
490 _aسلسلة شخصيات كتابية
_v0
999 _c40751
_d40751